|
|
|
|
| LEADER |
00000cam a22000004a 4500 |
| 001 |
musev2_80694 |
| 003 |
MdBmJHUP |
| 005 |
20230905052307.0 |
| 006 |
m o d |
| 007 |
cr||||||||nn|n |
| 008 |
200217s2020 enk o 00 0 eng d |
| 020 |
|
|
|a 9781447349273
|
| 020 |
|
|
|z 9781447349266
|
| 035 |
|
|
|a (OCoLC)1141512077
|
| 040 |
|
|
|a MdBmJHUP
|c MdBmJHUP
|
| 100 |
1 |
|
|a O'Hara, Mary
|c (Journalist),
|e auteur.
|
| 245 |
1 |
4 |
|a The Shame Game :
|b Overturning the Toxic Poverty Narrative /
|c Mary O'Hara.
|
| 264 |
|
1 |
|a Bristol, UK :
|b Policy Press,
|c 2020.
|
| 264 |
|
3 |
|a Baltimore, Md. :
|b Project MUSE,
|c 2021
|
| 264 |
|
4 |
|c ©2020.
|
| 300 |
|
|
|a 1 online resource (232 pages):
|b illustrations
|
| 336 |
|
|
|a text
|b txt
|2 rdacontent
|
| 337 |
|
|
|a computer
|b c
|2 rdamedia
|
| 338 |
|
|
|a online resource
|b cr
|2 rdacarrier
|
| 521 |
|
|
|a Specialized.
|
| 588 |
|
|
|a Description based on print version record.
|
| 650 |
|
7 |
|a Poverty
|x Social aspects.
|2 fast
|0 (OCoLC)fst01074134
|
| 650 |
|
7 |
|a Poverty
|x Public opinion.
|2 fast
|0 (OCoLC)fst01074118
|
| 650 |
|
7 |
|a Poverty.
|2 fast
|0 (OCoLC)fst01074093
|
| 650 |
|
6 |
|a Poverty
|z United States.
|
| 650 |
|
6 |
|a Poverty
|z Great Britain.
|
| 650 |
|
6 |
|a Poverty
|x Social aspects
|z United States.
|
| 650 |
|
6 |
|a Poverty
|x Social aspects
|z Great Britain.
|
| 650 |
|
6 |
|a Poverty
|x Public opinion.
|
| 650 |
|
0 |
|a Poverty
|z United States.
|
| 650 |
|
0 |
|a Poverty
|z Great Britain.
|
| 650 |
|
0 |
|a Poverty
|x Social aspects
|z United States.
|
| 650 |
|
0 |
|a Poverty
|x Social aspects
|z Great Britain.
|
| 650 |
|
0 |
|a Poverty
|x Public opinion.
|
| 651 |
|
7 |
|a United States.
|2 fast
|0 (OCoLC)fst01204155
|
| 651 |
|
7 |
|a Great Britain.
|2 fast
|0 (OCoLC)fst01204623
|
| 655 |
|
7 |
|a Livres numériques.
|2 rvmgf
|
| 655 |
|
7 |
|a Electronic books.
|2 local
|
| 710 |
2 |
|
|a Project Muse.
|e distributor
|
| 830 |
|
0 |
|a Book collections on Project MUSE.
|
| 856 |
4 |
0 |
|z Texto completo
|u https://projectmuse.uam.elogim.com/book/80694/
|
| 945 |
|
|
|a Project MUSE - Custom Collection
|